000 00356nam a2200145Ia 4500
100 _aGayakwad/R.A
650 _aElectrical Engineering
942 _cRB
654 _aCircuits
245 _aOp-Amps And Liner Integrated Circuit Technology
260 _bNew Delhi -prentice hall
_aNew Delhi
_c1987
082 _a621.3
300 _a507
546 _aENGLISH
999 _c20172
_d20172